[Event "FRA-chT1B 0607"]
[Site "France"]
[Date "2007.02.10"]
[Round "7.7"]
[White "Bonnafous, Michel"]
[Black "Vuillermoz, Robert"]
[Result "1-0"]
[WhiteElo "2084"]
[BlackElo "2111"]
[PlyCount "59"]
[EventDate "2006.10.15"]
[EventType "team"]
[EventRounds "11"]
[EventCountry "FRA"]
[SourceTitle "EXT 2008"]
[Source "ChessBase"]
[SourceDate "2007.11.25"]
[SourceVersion "1"]
[SourceVersionDate "2007.11.25"]
[SourceQuality "1"]
[WhiteTeam "Hyeres"]
[BlackTeam "Cannes II"]
[WhiteTeamCountry "FRA"]
[BlackTeamCountry "FRA"]

1. g3 d5 2. f4 Nf6 3. Nf3 c6 4. Bg2 Bg4 5. d3 Nbd7 6. 0-0 Qb6+ 7. Kh1 h5 8. Qe1 e6 9. e4 dxe4 10. dxe4 Nc5 11. Nc3 0-0-0 12. Ne5 Qc7 13. h3 Bd6 14. Nc4 Be7 15. e5 Nd5 16. hxg4 h4 17. g5 hxg3+ 18. Kg1 Nb4 19. Ne3 f6 20. a3 Nxc2 21. Nxc2 Nd3 22. Qxg3 Qb6+ 23. Ne3 Nxc1 24. Raxc1 Bc5 25. Rfe1 Rd3 26. Ncd1 fxe5 27. f5 Rhd8 28. Kh1 Rf8 29. Rc3 Rd2 30. Nc4 1-0

[Event "FRA-chT1B 0607"]
[Site "France"]
[Date "2006.11.06"]
[Round "3.7"]
[White "Debray, Tristan"]
[Black "Vuillermoz, Robert"]
[Result "0-1"]
[WhiteElo "2151"]
[BlackElo "2111"]
[PlyCount "110"]
[EventDate "2006.10.15"]
[EventType "team"]
[EventRounds "11"]
[EventCountry "FRA"]
[SourceTitle "EXT 2008"]
[Source "ChessBase"]
[SourceDate "2007.11.25"]
[SourceVersion "1"]
[SourceVersionDate "2007.11.25"]
[SourceQuality "1"]
[WhiteTeam "Lyon Olympique"]
[BlackTeam "Cannes II"]
[WhiteTeamCountry "FRA"]
[BlackTeamCountry "FRA"]

1. e4 c5 2. Nc3 a6 3. f4 b5 4. Nf3 Bb7 5. d4 cxd4 6. Qxd4 Nc6 7. Qe3 Nf6 8. e5 Nb4 9. Qd2 Nfd5 10. a3 Nxc3 11. axb4 Ne4 12. Qe3 e6 13. c3 a5 14. bxa5 Bc5 15. Nd4 Qh4+ 16. g3 Nxg3 17. Qxg3 Qxg3+ 18. hxg3 Bxh1 19. Bxb5 Bxd4 20. cxd4 0-0 21. Bc4 Rfb8 22. b3 Bd5 23. Bxd5 exd5 24. Ra3 Rb4 25. Bd2 Rxd4 26. b4 Rc4 27. b5 Rc5 28. Rb3 Rb8 29. b6 Rc6 30. Be3 d4 31. Bxd4 Rc1+ 32. Kd2 Rc4 33. Kd3 Ra4 34. Rb5 h5 35. Ke4 Kh7 36. f5 f6 37. exf6 gxf6 38. Kd5 Kg7 39. Be3 Re8 40. Bf4 h4 41. b7 h3 42. Bc7 h2 43. Rb1 Rb4 44. Rh1 Rxb7 45. Bb6 Re2 46. Kd4 Rb8 47. Kd3 Ra2 48. g4 Rh8 49. Bd4 Rh3+ 50. Ke4 Rxa5 51. Bb2 Ra4+ 52. Bd4 d5+ 53. Kxd5 Rd3 54. Rxh2 Rdxd4+ 55. Ke6 Ra6+ 0-1

[Event "FRA-ch U16"]
[Site "Aix les Bains"]
[Date "2006.??.??"]
[Round "6"]
[White "Vuillermoz, Robert"]
[Black "Paul, Victor Emmanuel"]
[Result "1-0"]
[WhiteElo "2105"]
[BlackElo "1937"]
[PlyCount "89"]
[EventDate "2006.04.16"]
[EventType "swiss"]
[EventRounds "9"]
[EventCountry "FRA"]
[SourceTitle "EXT 2007"]
[Source "ChessBase"]
[SourceDate "2006.11.23"]
[SourceVersion "1"]
[SourceVersionDate "2006.11.23"]
[SourceQuality "1"]

1. e4 d5 2. e5 Bf5 3. d4 e6 4. Nf3 a6 5. a3 c5 6. Be3 Qb6 7. b3 Nc6 8. Qd2 cxd4 9. Nxd4 Nxd4 10. Bxd4 Bc5 11. Bb2 Rc8 12. Nc3 Bd4 13. Na4 Bxf2+ 14. Qxf2 Qxf2+ 15. Kxf2 Rxc2+ 16. Ke3 b5 17. Bd3 Bxd3 18. Kxd3 Rxg2 19. Rac1 Ne7 20. Bc3 bxa4 21. Bb4 Ng6 22. Bd6 Nxe5+ 23. Bxe5 0-0 24. bxa4 f6 25. Bd6 Rd8 26. Rc6 e5 27. Rxa6 e4+ 28. Ke3 Rc8 29. Rd1 Rcc2 30. Rxd5 Rge2+ 31. Kf4 Kf7 32. Bc5 Rxh2 33. Kxe4 Rce2+ 34. Be3 Rh3 35. Rd3 g5 36. a5 g4 37. Ra7+ Kg6 38. Kf4 Rf3+ 39. Ke4 Rf5 40. Rg7+ Kxg7 41. Kxf5 g3 42. Rd7+ Kf8 43. Bc5+ Ke8 44. Rd5 g2 45. a6 1-0

[Event "FRA-chT U20"]
[Site "Pau"]
[Date "2005.12.19"]
[Round "6"]
[White "Vuillermoz, Robert"]
[Black "Vachier Lagrave, Maxime"]
[Result "0-1"]
[WhiteElo "2037"]
[BlackElo "2539"]
[PlyCount "54"]
[EventDate "2005.12.??"]
[EventType "team"]
[EventRounds "11"]
[EventCountry "FRA"]
[SourceTitle "EXT 2007"]
[Source "ChessBase"]
[SourceDate "2006.11.23"]
[SourceVersion "1"]
[SourceVersionDate "2006.11.23"]
[SourceQuality "1"]
[WhiteTeam "Cannes"]
[BlackTeam "Paris NAO"]
[WhiteTeamCountry "FRA"]
[BlackTeamCountry "FRA"]

1. e4 c5 2. c3 Nf6 3. e5 Nd5 4. Bc4 Nb6 5. Bb3 Nc6 6. Nf3 c4 7. Bc2 Qc7 8. Qe2 g5 9. e6 dxe6 10. Nxg5 Qe5 11. d4 cxd3 12. Bxd3 Bh6 13. f4 Qxe2+ 14. Bxe2 0-0 15. 0-0 Nd5 16. Bd3 f6 17. Nh3 Rd8 18. Bc2 e5 19. fxe5 Bxc1 20. Rxc1 Bxh3 21. gxh3 Nxe5 22. Bf5 Kh8 23. Na3 Ne3 24. Be4 Rd2 25. Re1 Rg8+ 26. Kh1 f5 27. Bxb7 Nd3 0-1

[Event "FRA-chT U20"]
[Site "Pau"]
[Date "2005.12.18"]
[Round "4"]
[White "Vuillermoz, Robert"]
[Black "Guilleux, Fabien"]
[Result "1-0"]
[WhiteElo "2037"]
[BlackElo "1983"]
[PlyCount "63"]
[EventDate "2005.12.??"]
[EventType "team"]
[EventRounds "11"]
[EventCountry "FRA"]
[SourceTitle "EXT 2007"]
[Source "ChessBase"]
[SourceDate "2006.11.23"]
[SourceVersion "1"]
[SourceVersionDate "2006.11.23"]
[SourceQuality "1"]
[WhiteTeam "Cannes"]
[BlackTeam "Creteil"]
[WhiteTeamCountry "FRA"]
[BlackTeamCountry "FRA"]

1. e4 c5 2. Nc3 Nc6 3. g3 g6 4. d3 d6 5. Be3 Bg7 6. Bg2 Rb8 7. Qd2 b5 8. Nf3 b4 9. Nd1 Nd4 10. 0-0 e6 11. c3 bxc3 12. bxc3 Nxf3+ 13. Bxf3 Qa5 14. Bf4 e5 15. Be3 Ne7 16. Nb2 0-0 17. Nc4 Qc7 18. Bh6 f5 19. Bg2 Bxh6 20. Qxh6 fxe4 21. dxe4 Ba6 22. Ne3 Bxf1 23. Bxf1 Kh8 24. Bc4 Ng8 25. Qh3 Nf6 26. Nd5 Nxd5 27. Bxd5 Qa5 28. Qe6 Qxc3 29. Rf1 Rbd8 30. Qe7 Qa5 31. Bf7 Qa4 32. Qf6# 1-0

[Event "FRA-chT U20a 0405"]
[Site "France"]
[Date "2005.05.15"]
[Round "9.1"]
[White "Huertas, Guillaume"]
[Black "Vuillermoz, Robert"]
[Result "1/2-1/2"]
[WhiteElo "1958"]
[BlackElo "2046"]
[PlyCount "107"]
[EventDate "2004.11.19"]
[EventType "team"]
[EventRounds "11"]
[EventCountry "FRA"]
[SourceTitle "EXT 2006"]
[Source "ChessBase"]
[SourceDate "2005.11.24"]
[SourceVersion "1"]
[SourceVersionDate "2005.11.24"]
[SourceQuality "1"]

1. d4 d5 2. Nf3 Nf6 3. c4 c6 4. e3 e6 5. Nc3 Nbd7 6. Bd3 dxc4 7. Bxc4 b5 8. Bd3 a6 9. e4 c5 10. d5 c4 11. Bc2 Qc7 12. dxe6 fxe6 13. 0-0 Bb7 14. Ng5 Nc5 15. e5 Qxe5 16. Re1 Qd6 17. Qxd6 Bxd6 18. Be3 0-0 19. Bxc5 Bxc5 20. Nxe6 Rfc8 21. Nxc5 Rxc5 22. Re7 Bc6 23. Rd1 b4 24. Ne4 Nxe4 25. Bxe4 Bxe4 26. Rxe4 c3 27. bxc3 bxc3 28. f3 Rac8 29. Kf2 Rb5 30. Re2 Rb2 31. Rc1 Kf7 32. Rec2 Ke6 33. Ke3 Kd5 34. Kd3 h5 35. h4 Ke5 36. g3 Rf8 37. Ke3 Kf5 38. a3 Re8+ 39. Kd3 Rd8+ 40. Kxc3 Rb5 41. Re1 Rdb8 42. Kd2 Rd5+ 43. Ke2 Rb3 44. a4 Rdd3 45. Rc5+ Kg6 46. Rf1 Re3+ 47. Kd2 Rxf3 48. Rxf3 Rxf3 49. Rc6+ Rf6 50. Rc5 Re6 51. Kd3 Kh6 52. Rg5 g6 53. Kd4 Rc6 54. Rc5 1/2-1/2

[Event "FRA-chT U20a 0405"]
[Site "France"]
[Date "2005.05.14"]
[Round "8.1"]
[White "Vuillermoz, Robert"]
[Black "Dourerassou, Jonathan"]
[Result "0-1"]
[WhiteElo "2046"]
[BlackElo "2343"]
[PlyCount "108"]
[EventDate "2004.11.19"]
[EventType "team"]
[EventRounds "11"]
[EventCountry "FRA"]
[SourceTitle "EXT 2006"]
[Source "ChessBase"]
[SourceDate "2005.11.24"]
[SourceVersion "1"]
[SourceVersionDate "2005.11.24"]
[SourceQuality "1"]

1. e4 c5 2. Nc3 Nc6 3. g3 g6 4. Bg2 Bg7 5. d3 d6 6. Be3 e5 7. Nge2 Nge7 8. 0-0 0-0 9. Nd5 Nd4 10. c3 Nxd5 11. exd5 Nf5 12. Bc1 Re8 13. Be4 Bd7 14. f4 c4 15. fxe5 Rxe5 16. Bf4 Qb6+ 17. Kh1 Ne3 18. Bxe3 Qxe3 19. Nf4 Rae8 20. Bg2 g5 21. d4 R5e7 22. Nh5 Qe2 23. Nxg7 Qxd1 24. Raxd1 Kxg7 25. Kg1 Bg4 26. Rd2 Be2 27. Re1 Bd3 28. Rxe7 Rxe7 29. Kf2 Kg6 30. Bf1 Bxf1 31. Kxf1 g4 32. Kf2 Kf5 33. Rc2 h5 34. b3 cxb3 35. axb3 b6 36. c4 f6 37. b4 Rh7 38. Ke3 h4 39. c5 bxc5 40. Rf2+ Kg5 41. bxc5 hxg3 42. hxg3 Rh3 43. Rg2 f5 44. c6 f4+ 45. Ke4 fxg3 46. c7 Rh8 47. Rc2 Rc8 48. Ke3 a5 49. Ke2 Kf4 50. Rc6 Ke4 51. Rxd6 Rxc7 52. Ra6 g2 53. Kf2 Rc2+ 54. Kg1 Kf3 0-1

[Event "FRA-chT2 0405"]
[Site "France"]
[Date "2005.01.08"]
[Round "5.5"]
[White "Chaplin, Erik"]
[Black "Vuillermoz, Robert"]
[Result "1-0"]
[WhiteElo "2119"]
[BlackElo "2035"]
[PlyCount "89"]
[EventDate "2004.10.10"]
[EventType "team"]
[EventRounds "11"]
[EventCountry "FRA"]
[SourceTitle "EXT 2006"]
[Source "ChessBase"]
[SourceDate "2005.11.24"]
[SourceVersion "1"]
[SourceVersionDate "2005.11.24"]
[SourceQuality "1"]
[WhiteTeam "Saint Affrique"]
[BlackTeam "Cannes II"]
[WhiteTeamCountry "FRA"]
[BlackTeamCountry "FRA"]

1. d4 d5 2. Bf4 Nf6 3. e3 c6 4. Bd3 Qb6 5. Ne2 Qxb2 6. Nd2 Qa3 7. f3 c5 8. c3 Nc6 9. 0-0 e6 10. Rb1 Be7 11. e4 cxd4 12. Rb3 Qxa2 13. cxd4 Qa5 14. Be3 0-0 15. e5 Ne8 16. f4 f5 17. g4 g6 18. gxf5 gxf5 19. Ng3 Ng7 20. Kh1 Qd8 21. Rg1 Kh8 22. Nh5 Nxh5 23. Qxh5 Qe8 24. Qh6 Rg8 25. Rbb1 Rg6 26. Qh3 Bf8 27. Rxg6 Qxg6 28. Rg1 Qh6 29. Qg2 Ne7 30. Nf3 Ng6 31. Ng5 Kg8 32. Bb5 Be7 33. Nxh7 Kxh7 34. Be8 Bd7 35. Bxd7 Nh4 36. Qh3 Rd8 37. Bxe6 Qxe6 38. Bf2 Qh6 39. Bxh4 Bxh4 40. Qxf5+ Kh8 41. Rg6 Qh7 42. Qe6 Rg8 43. Rh6 Bf2 44. Rxh7+ Kxh7 45. Qh3+ 1-0

[Event "Belgrade Trophy 18th"]
[Site "Obrenovac"]
[Date "2005.??.??"]
[Round "4"]
[White "Vuillermoz, Robert"]
[Black "Jokic, Miodrag"]
[Result "1/2-1/2"]
[WhiteElo "2030"]
[BlackElo "2203"]
[PlyCount "61"]
[EventDate "2005.11.22"]
[EventType "swiss"]
[EventRounds "9"]
[EventCountry "YUG"]
[SourceTitle "CBM 109 Extra"]
[Source "ChessBase"]
[SourceDate "2006.01.03"]
[SourceVersion "2"]
[SourceVersionDate "2006.01.03"]
[SourceQuality "1"]

1. e4 d6 2. d4 Nf6 3. Nc3 g6 4. Bg5 c6 5. Qd2 Nbd7 6. f4 h6 7. Bh4 Qa5 8. e5 dxe5 9. dxe5 Nd5 10. Nxd5 Qxd2+ 11. Kxd2 cxd5 12. Bf2 e6 13. Nf3 a6 14. c3 Nc5 15. Bxc5 Bxc5 16. Nd4 0-0 17. Bd3 Bd7 18. Rhf1 Kg7 19. Rf3 Rad8 20. Raf1 Ba7 21. h4 h5 22. Rg3 Bb8 23. Rg5 Rde8 24. g4 hxg4 25. h5 Rh8 26. hxg6 Rh2+ 27. Kc1 f6 28. Rxg4 f5 29. Rg3 Ba7 30. Rfg1 Reh8 31. Kb1 1/2-1/2

[Event "Belgrade Trophy 18th"]
[Site "Obrenovac"]
[Date "2005.??.??"]
[Round "3"]
[White "Vuillermoz, Robert"]
[Black "Karaklajic, Nikola"]
[Result "1-0"]
[WhiteElo "2030"]
[BlackElo "2353"]
[PlyCount "63"]
[EventDate "2005.11.22"]
[EventType "swiss"]
[EventRounds "9"]
[EventCountry "YUG"]
[SourceTitle "CBM 109 Extra"]
[Source "ChessBase"]
[SourceDate "2006.01.03"]
[SourceVersion "2"]
[SourceVersionDate "2006.01.03"]
[SourceQuality "1"]

1. e4 d5 2. exd5 Nf6 3. d4 Nxd5 4. Nf3 Bg4 5. h3 Bf5 6. g4 Bg6 7. Ne5 Nd7 8. Nxg6 hxg6 9. Bg2 c6 10. c4 N5b6 11. Qe2 Nf6 12. Be3 e6 13. Nc3 Be7 14. Rd1 Qc7 15. d5 exd5 16. Bxb6 axb6 17. cxd5 0-0 18. 0-0 Bb4 19. Qc4 Bxc3 20. Qxc3 Rxa2 21. d6 Qd8 22. Rfe1 Ra5 23. b4 Nd5 24. Bxd5 Rxd5 25. Rxd5 cxd5 26. Qe5 Kh7 27. Qxd5 f5 28. Re7 fxg4 29. Qe5 Rg8 30. hxg4 g5 31. Qh2+ Kg6 32. Qh5+ 1-0

[Event "FRA-chT U20 0405"]
[Site "Agneaux"]
[Date "2004.12.20"]
[Round "6.1"]
[White "Jouneau, Quentin"]
[Black "Vuillermoz, Robert"]
[Result "0-1"]
[WhiteElo "1810"]
[BlackElo "2056"]
[PlyCount "79"]
[EventDate "2004.12.16"]
[EventType "team"]
[EventRounds "7"]
[EventCountry "FRA"]
[SourceTitle "EXT 2006"]
[Source "ChessBase"]
[SourceDate "2005.11.24"]
[SourceVersion "1"]
[SourceVersionDate "2005.11.24"]
[SourceQuality "1"]
[WhiteTeam "Rennes Paul Bert"]
[BlackTeam "Cannes"]
[WhiteTeamCountry "FRA"]
[BlackTeamCountry "FRA"]

1. e4 c5 2. Nf3 e6 3. d4 cxd4 4. Nxd4 a6 5. c4 Qc7 6. Nc3 Nc6 7. Be3 d6 8. Be2 Nf6 9. 0-0 Be7 10. a3 0-0 11. f4 Rd8 12. f5 Nxd4 13. Bxd4 d5 14. cxd5 exf5 15. Na4 Nxd5 16. exd5 Rxd5 17. Bb6 Qd6 18. Qb3 Be6 19. Bc4 Rb5 20. Bxe6 Rxb3 21. Bxb3 g6 22. Rfd1 Qc6 23. Rac1 Qb5 24. Bc2 Rc8 25. Bd4 Bg5 26. Nb6 Rd8 27. Bd3 Qb3 28. Bc4 Be3+ 29. Kf1 Qxd1+ 30. Rxd1 Rxd4 31. Rxd4 Bxd4 32. Nc8 b5 33. Bd5 Bxb2 34. a4 bxa4 35. Nd6 Be5 36. Nxf7 Bxh2 37. Kf2 Bc7 38. Kf3 Kg7 39. Ng5 Bd6 40. Nh3 0-1

[Event "France-ch U14"]
[Site "Reims"]
[Date "2004.04.22"]
[Round "6"]
[White "Edouard, Romain"]
[Black "Vuillermoz, Robert"]
[Result "1/2-1/2"]
[WhiteElo "2097"]
[BlackElo "2035"]
[PlyCount "68"]
[EventDate "2004.04.??"]
[EventType "swiss"]
[EventRounds "9"]
[EventCountry "FRA"]
[SourceTitle "EXT 2005"]
[Source "ChessBase"]
[SourceDate "2004.11.15"]
[SourceVersion "1"]
[SourceVersionDate "2004.11.15"]
[SourceQuality "1"]

1. e4 c5 2. Nf3 d6 3. d4 cxd4 4. Nxd4 Nf6 5. Nc3 a6 6. Be2 e5 7. Nb3 Be7 8. 0-0 0-0 9. Be3 Be6 10. Nd5 Nxd5 11. exd5 Bf5 12. Qd2 Nd7 13. Na5 Qc7 14. c4 b6 15. Nc6 Bf6 16. b4 Nb8 17. Nxb8 Rfxb8 18. Rac1 Rc8 19. c5 bxc5 20. bxc5 dxc5 21. Rxc5 Qd6 22. Rfc1 Rxc5 23. Bxc5 Qd8 24. Rd1 Rc8 25. Qe3 Qc7 26. Bb4 Qc2 27. a3 h6 28. Re1 Bg5 29. Qxe5 Bd2 30. Bxd2 Qxd2 31. Rf1 Bd3 32. Bxd3 Qxd3 33. Qd6 Rc2 34. h3 Rd2 1/2-1/2

[Event "FRA-chT U20 0304"]
[Site "France"]
[Date "2003.11.23"]
[Round "3"]
[White "Ricbour, Jeremy"]
[Black "Vuillermoz, Robert"]
[Result "1-0"]
[WhiteElo "2113"]
[BlackElo "2056"]
[PlyCount "95"]
[EventDate "2003.11.??"]
[EventType "team"]
[EventRounds "11"]
[EventCountry "FRA"]
[SourceTitle "EXT 2005"]
[Source "ChessBase"]
[SourceDate "2004.11.15"]
[SourceVersion "1"]
[SourceVersionDate "2004.11.15"]
[SourceQuality "1"]
[WhiteTeam "Montpellier"]
[BlackTeam "Cannes"]
[WhiteTeamCountry "FRA"]
[BlackTeamCountry "FRA"]

1. e4 c5 2. Nf3 d6 3. d4 cxd4 4. Nxd4 Nf6 5. Nc3 a6 6. a4 e5 7. Nf3 Qc7 8. Bg5 Be6 9. Bxf6 gxf6 10. Bd3 Nd7 11. 0-0 Rd8 12. Nd5 Qc6 13. c4 Be7 14. Qd2 h5 15. Rfc1 Nc5 16. Bc2 Rg8 17. b4 Nd7 18. a5 Bg4 19. Ba4 Bxf3 20. Bxc6 Rxg2+ 21. Kf1 Rxh2 22. Nc7+ Kf8 23. Qh6+ Kg8 24. Ke1 bxc6 25. Kd2 Rg2 26. Rg1 Rg5 27. Rxg5+ fxg5 28. Ne6 fxe6 29. Qxe6+ Kf8 30. Qf5+ Nf6 31. Qxf3 d5 32. cxd5 cxd5 33. exd5 Rxd5+ 34. Kc2 e4 35. Qc3 Rd3 36. Qc8+ Kf7 37. Qxa6 Nd5 38. Rb1 Rc3+ 39. Kd2 Rd3+ 40. Ke1 h4 41. Qh6 Nc3 42. Rc1 Bxb4 43. Kf1 Bxa5 44. Qxg5 Bd8 45. Qf5+ Bf6 46. Ra1 Nd5 47. Ra7+ Ne7 48. Rxe7+ 1-0

[Event "FRA-chT U20 0203"]
[Site "Clichy"]
[Date "2003.01.05"]
[Round "7.4"]
[White "Vuillermoz, Robert"]
[Black "Robert, Diane"]
[Result "1-0"]
[WhiteElo "1860"]
[BlackElo "1560"]
[PlyCount "63"]
[EventDate "2002.12.??"]
[EventType "team"]
[EventRounds "11"]
[EventCountry "FRA"]
[SourceTitle "EXT 2004"]
[Source "ChessBase"]
[SourceDate "2003.11.25"]
[SourceVersion "1"]
[SourceVersionDate "2003.11.25"]
[SourceQuality "1"]
[WhiteTeam "Cannes"]
[BlackTeam "AECE"]
[WhiteTeamCountry "FRA"]
[BlackTeamCountry "FRA"]

1. e4 c5 2. Nf3 d6 3. d4 cxd4 4. Nxd4 Nf6 5. Nc3 g6 6. Be3 Bg7 7. Bc4 0-0 8. f3 Nc6 9. Qd2 Nd7 10. 0-0-0 Nb6 11. Bb3 Na5 12. Qd3 Nbc4 13. Bxc4 Nxc4 14. Qxc4 e5 15. Ndb5 Be6 16. Qb4 a5 17. Qxd6 Qc8 18. Qc7 Ra6 19. Qxc8 Rxc8 20. Rd2 Rac6 21. Rhd1 Bf6 22. Na7 Rxc3 23. bxc3 Rxc3 24. Bh6 Bg5 25. Bxg5 Kg7 26. Rd6 Rc5 27. Rxe6 fxe6 28. Rd7+ Kg8 29. Rd8+ Kf7 30. Rc8 Rxc8 31. Nxc8 Ke8 32. Nd6+ 1-0

[Event "FRA-chT U20 0203"]
[Site "Clichy"]
[Date "2003.01.04"]
[Round "5.4"]
[White "Vuillermoz, Robert"]
[Black "Tache, Benjamin"]
[Result "1-0"]
[WhiteElo "1860"]
[BlackElo "1720"]
[PlyCount "78"]
[EventDate "2002.12.??"]
[EventType "team"]
[EventRounds "11"]
[EventCountry "FRA"]
[SourceTitle "EXT 2004"]
[Source "ChessBase"]
[SourceDate "2003.11.25"]
[SourceVersion "1"]
[SourceVersionDate "2003.11.25"]
[SourceQuality "1"]
[WhiteTeam "Cannes"]
[BlackTeam "Bois Colombes"]
[WhiteTeamCountry "FRA"]
[BlackTeamCountry "FRA"]

1. e4 c5 2. Nf3 Nc6 3. d4 cxd4 4. Nxd4 e5 5. Nb5 d6 6. N1c3 a6 7. Na3 b5 8. Nd5 Nf6 9. Bg5 Be7 10. Bxf6 Bxf6 11. c3 Bg5 12. Be2 0-0 13. 0-0 f5 14. Bf3 f4 15. Qd3 Be6 16. Rad1 Rb8 17. Nc2 Qd7 18. Ndb4 Nxb4 19. Nxb4 Bc4 20. Qxd6 Qxd6 21. Rxd6 Bxf1 22. Kxf1 Rf6 23. Rxf6 Bxf6 24. Nxa6 Ra8 25. Nb4 Kf7 26. a3 Ke6 27. Be2 Rb8 28. Na6 Rd8 29. Ke1 Be7 30. Nc7+ Kd6 31. Nxb5+ Kc6 32. c4 Bc5 33. Bd1 Bxf2+ 34. Ke2 Be3 35. Nc3 Rd2+ 36. Kf3 Rxb2 37. Be2 Rb3 38. Nb5 Bc5+ 39. Kg4 Bxa3 1-0

[Event "FRA-chT U20 0203"]
[Site "Clichy"]
[Date "2003.01.03"]
[Round "4.4"]
[White "Mulet Marquis, Maxime"]
[Black "Vuillermoz, Robert"]
[Result "0-1"]
[WhiteElo "1420"]
[BlackElo "1860"]
[PlyCount "104"]
[EventDate "2002.12.??"]
[EventType "team"]
[EventRounds "11"]
[EventCountry "FRA"]
[SourceTitle "EXT 2004"]
[Source "ChessBase"]
[SourceDate "2003.11.25"]
[SourceVersion "1"]
[SourceVersionDate "2003.11.25"]
[SourceQuality "1"]
[WhiteTeam "Clichy"]
[BlackTeam "Cannes"]
[WhiteTeamCountry "FRA"]
[BlackTeamCountry "FRA"]

1. e4 c5 2. Nf3 d6 3. d4 cxd4 4. Nxd4 Nf6 5. Nc3 a6 6. Be2 e5 7. Nb3 Be6 8. 0-0 Be7 9. Kh1 Nbd7 10. a4 Rc8 11. f4 Bxb3 12. cxb3 Qb6 13. Bc4 0-0 14. Qe2 Qc6 15. Bd5 Nxd5 16. Nxd5 Bd8 17. Be3 Nf6 18. Rac1 Qd7 19. Nxf6+ Bxf6 20. f5 d5 21. Rfd1 d4 22. Bf2 Bg5 23. Rc4 Rxc4 24. Qxc4 Rc8 25. Qf1 Rc2 26. Rb1 Qc6 27. h4 Rc1 28. Rxc1 Qxc1 29. Qxc1 Bxc1 30. Kg1 Bxb2 31. Kf1 f6 32. g4 Ba3 33. Bg3 Kf7 34. Ke2 Ke7 35. Kd3 Kd6 36. Kc4 Kc6 37. g5 b5+ 38. axb5+ axb5+ 39. Kd3 Bc1 40. gxf6 gxf6 41. h5 Kd7 42. Bh4 Bg5 43. Bg3 Ke7 44. Bf2 Kf7 45. Bxd4 exd4 46. Kxd4 b4 47. Kc4 Bd2 48. Kd5 Bc3 49. Kd6 Kg7 50. Ke7 Kh6 51. Kf7 Kxh5 52. Kg7 h6 0-1

[Event "FRA-ch U14"]
[Site "Le Grand Bornand"]
[Date "2003.??.??"]
[Round "6.2"]
[White "Hennemann, Xavier"]
[Black "Vuillermoz, Robert"]
[Result "1/2-1/2"]
[WhiteElo "2115"]
[BlackElo "1940"]
[PlyCount "67"]
[EventDate "2003.??.??"]
[EventType "swiss"]
[EventRounds "9"]
[EventCountry "FRA"]
[SourceTitle "EXT 2004"]
[Source "ChessBase"]
[SourceDate "2003.11.25"]
[SourceVersion "1"]
[SourceVersionDate "2003.11.25"]
[SourceQuality "1"]

1. e4 c5 2. Nf3 d6 3. Bb5+ Bd7 4. Bxd7+ Qxd7 5. 0-0 Nc6 6. c3 g6 7. d4 cxd4 8. cxd4 Bg7 9. Nc3 e6 10. Bg5 Nge7 11. Qd2 0-0 12. Bh6 Rac8 13. Bxg7 Kxg7 14. d5 Na5 15. dxe6 fxe6 16. Qd4+ Kg8 17. Rfd1 Nc4 18. Rab1 Rfd8 19. Qxa7 Qc6 20. Qd4 e5 21. Qd3 b5 22. Ng5 h6 23. Nd5 Nxd5 24. exd5 Qe8 25. Ne6 Rd7 26. b3 Na3 27. Rbc1 Rb8 28. Qd2 b4 29. Qxh6 Rh7 30. Qg5 Nb5 31. Qf6 Nc3 32. Rd3 Ne2+ 33. Kf1 Nxc1 34. Rg3 1/2-1/2